Loading...
| Literature - British Literature | 1 | 2 | 0 | 1 | 35 | 60 | 102.00 | 0 | 3 |
| Fine Arts - Auditory Fine Arts | 0 | 4 | 1 | 0 | 35 | 79 | 120.25 | 0 | 2 |
| Literature - European Literature | 0 | 3 | 0 | 0 | 30 | 93 | 114.00 | 0 | 3 |
| Mythology | 1 | 1 | 0 | 1 | 25 | 84 | 111.00 | 0 | 2 |
| Literature - American Literature | 0 | 2 | 0 | 0 | 20 | 100 | 104.50 | 0 | 1 |
| History - Other History | 0 | 2 | 1 | 0 | 15 | 80 | 89.00 | 0 | 2 |
| History - World History | 1 | 0 | 0 | 0 | 15 | 60 | 60.00 | 0 | 1 |
| Fine Arts - Visual Fine Arts | 0 | 1 | 0 | 0 | 10 | 96 | 96.00 | 0 | 1 |
| Religion | 0 | 1 | 0 | 0 | 10 | 97 | 97.00 | 0 | 1 |
| Fine Arts - Other Fine Arts | 0 | 2 | 2 | 0 | 10 | 103 | 114.50 | 0 | 2 |
| Science - Chemistry | 0 | 1 | 0 | 0 | 10 | 74 | 74.00 | 0 | 1 |
| Science - Other Science | 0 | 1 | 1 | 0 | 5 | 91 | 91.00 | 0 | 1 |
| History - European History | 0 | 1 | 1 | 0 | 5 | 101 | 101.00 | 0 | 1 |
| Philosophy | 0 | 1 | 1 | 0 | 5 | 62 | 62.00 | 0 | 1 |
| Science - Physics | 0 | 1 | 1 | 1 | 5 | 123 | 123.00 | 0 | 0 |
| Literature - World Literature | 0 | 1 | 2 | 0 | 0 | 130 | 130.00 | 0 | 0 |
| Social Science | 0 | 0 | 1 | 0 | -5 | 0.00 | 0 | 0 | |
| Current Events | 0 | 0 | 1 | 0 | -5 | 0.00 | 0 | 0 |